Análisis comparativo de la dispositio en la diagramación de páginas de las ediciones de 1780 y de 1782 de El ingenioso hidalgo Don Quixote de la Mancha de Miguel de Cervantes Saavedra y diseño editorial del documento para su presentación. (Record no. 8047)
[ view plain ]
| 000 -CABECERA | |
|---|---|
| campo de control de longitud fija | 00859nam a2200193 a 4500 |
| 001 - NÚMERO DE CONTROL | |
| campo de control | BRCA_8379 |
| 005 - FECHA Y HORA DE LA ÚLTIMA TRANSACCIÓN | |
| campo de control | 20190320210245.0 |
| 008 - DATOS DE LONGITUD FIJA--INFORMACIÓN GENERAL | |
| campo de control de longitud fija | 170608s2011----mx-a######---#000-0#spa-# |
| 050 #4 - SIGNATURA TOPOGRÁFICA DE LA BIBLIOTECA DEL CONGRESO | |
| Número de clasificación | PQ6335 |
| Número de documento/Ítem | .B69 2011 |
| 100 1# - ENTRADA PRINCIPAL--NOMBRE DE PERSONA | |
| Nombre de persona | Boy Ojeda, Irma Esperanza |
| 9 (RLIN) | 20993 |
| 245 10 - MENCIÓN DE TÍTULO | |
| Título | Análisis comparativo de la dispositio en la diagramación de páginas de las ediciones de 1780 y de 1782 de El ingenioso hidalgo Don Quixote de la Mancha de Miguel de Cervantes Saavedra y diseño editorial del documento para su presentación. |
| 260 ## - PUBLICACIÓN, DISTRIBUCIÓN, ETC. | |
| Lugar de publicación, distribución, etc. | Estado de México |
| Fecha de publicación, distribución, etc. | 2011 |
| 300 ## - DESCRIPCIÓN FÍSICA | |
| Extensión | xxxiv, 125 p. |
| Otras características físicas | il. |
| Dimensiones | 21 cm. |
| 502 ## - NOTA DE TESIS | |
| Nota de tesis | Trabajo aplicativo (Maestro en Diseño Editorial) Universidad Anáhuac, Escuela de Diseño |
| 600 14 - PUNTO DE ACCESO ADICIONAL DE MATERIA--NOMBRE DE PERSONA | |
| Nombre de persona | Cervantes Saavedra, Miguel de |
| Fechas asociadas al nombre | 1547-1616 |
| 9 (RLIN) | 213 |
| 740 0# - PUNTO DE ACCESO ADICIONAL--TÍTULO RELACIONADO O ANALÍTICO NO CONTROLADO | |
| Título relacionado o analítico no controlado | El Ingenioso Hidalgo Don Quijote de la Mancha |
| 902 ## - CATALOGADOR | |
| Iniciales | TES |
| 942 ## - ELEMENTOS DE PUNTO DE ACCESO ADICIONAL (KOHA) | |
| Fuente del sistema de clasificación o colocación | Library of Congress Classification |
| Tipo de ítem Koha | Tesis |
| Estado de retiro | Estado de pérdida | Estado dañado | No para préstamo | Localización permanente | Ubicación/localización actual | Fecha de adquisición | Total de préstamos | Signatura topográfica completa | Código de barras | Fecha visto por última vez | Precio válido a partir de | Tipo de ítem Koha |
|---|---|---|---|---|---|---|---|---|---|---|---|---|
| El ejemplar forma parte de la colección y puede ser consultado según las políticas vigentes. | Biblioteca del Museo Franz Mayer (Rogerio Casas-Alatriste) | Biblioteca del Museo Franz Mayer (Rogerio Casas-Alatriste) | 06/10/2014 | PQ6335 .B69 2011 | TES00059 | 22/03/2019 | 22/03/2019 | Tesis |